Theory of Structures (Record no. 5588)

MARC details
000 -LEADER
fixed length control field 00340nam a2200145Ia 4500
008 - FIXED-LENGTH DATA ELEMENTS--GENERAL INFORMATION
fixed length control field 191201s2012 xx 000 0 und d
082 ## - DEWEY DECIMAL CLASSIFICATION NUMBER
Classification number 624.17
Item number PUT
100 ## - MAIN ENTRY--PERSONAL NAME
Personal name PUNMIA, BC
245 #0 - TITLE STATEMENT
Title Theory of Structures
250 ## - EDITION STATEMENT
Edition statement Rep
260 ## - PUBLICATION, DISTRIBUTION, ETC. (IMPRINT)
Place of publication, distribution, etc N. Delhi
Name of publisher, distributor, etc Laxmi Publications
Date of publication, distribution, etc 2012
300 ## - PHYSICAL DESCRIPTION
Extent 648
650 ## - SUBJECT ADDED ENTRY--TOPICAL TERM
Topical term or geographic name as entry element B.Tech(CE)
942 ## - ADDED ENTRY ELEMENTS (KOHA)
Source of classification or shelving scheme Dewey Decimal Classification
Koha item type Text Books
Holdings
Withdrawn status Lost status Source of classification or shelving scheme Damaged status Not for loan Collection code Home library Current library Date acquired Source of acquisition Cost, normal purchase price Bill Number Total Checkouts Full call number Acc. no. / Barcode Date last seen Bill Date Koha item type Date last borrowed Checked out
    Dewey Decimal Classification     B.Tech(CE) PIET C-LIBRARY PIET C-LIBRARY 07/05/2013 IBH, New Delhi 425.00 1002   624.17 PUT 21492 04/12/2019 06/05/2013 Text Books    
    Dewey Decimal Classification     B.Tech(CE) PIET C-LIBRARY PIET C-LIBRARY 07/05/2013 IBH, New Delhi 425.00 1002 2 624.171 PUT 21493 17/10/2022 06/05/2013 Text Books 04/10/2022  
    Dewey Decimal Classification     B.Tech(CE) PIET C-LIBRARY PIET C-LIBRARY 07/05/2013 IBH, New Delhi 425.00 1002 2 624.171 PUT 21494 07/10/2022 06/05/2013 Text Books 21/09/2022  
    Dewey Decimal Classification     B.Tech(CE) PIET C-LIBRARY PIET C-LIBRARY 07/05/2013 IBH, New Delhi 425.00 1002 3 624.171 PUT 21495 03/11/2022 06/05/2013 Text Books 17/10/2022  
    Dewey Decimal Classification     B.Tech(CE) PIET C-LIBRARY PIET C-LIBRARY 07/05/2013 IBH, New Delhi 425.00 1002 6 624.171 PUT 21496 22/05/2026 06/05/2013 Text Books 22/05/2026 05/06/2026

Design & Developed by: PIET Central Library
R70 Miles Stone Pattikalyana Samalkha Panipat 132102
mail ID :- [email protected], Phone No:- 0180-2569700 Ex.216